000 00497cam a2200145 4500500
005 20251012032534.0
041 _afre
042 _adc
100 1 0 _ade Muñagorri, Rafael E.
_eauthor
245 0 0 _aLiberté d’expression et confidentialité : les chercheurs face à leurs institutions
260 _c2005.
500 _a89
786 0 _nSigila | 15 | 1 | 2005-06-20 | p. 107-114 | 1286-1715
856 4 1 _uhttps://shs.cairn.info/revue-sigila-2005-1-page-107?lang=fr&redirect-ssocas=7080
999 _c1547615
_d1547615